000 00530nam a2200181Ia 4500
005 20250923144238.0
008 008 250917s9999 xx 000 0 eng d
037 _aTextual
040 _aDSWL
_beng
_cDSWL
041 _aeng
_2eng
084 _aV41:1:N2, H3
_qDSWL
100 _aGoodrich, L.C
_9822787
245 0 _aShort history of the Chinese people
_cby L.C Goodrich
260 _aNew York
_b Harper &bros
_c1943
300 _a260 p.
942 _cTEXL
_hV41:1:N2, H3
999 _c1436529
_d1436529